Disputed Countries - Statistics

General Stats
  • This quiz has been taken 155 times
    91 since last reset
  • The average score is 19 of 26
Answer Stats
Declaration Date Answer Disputed Country % Correct
1912 Taiwan
89%
Taiwan China
89%
2008 Kosovo
85%
1949 China
83%
China Taiwan
83%
1948 Israel
81%
Israel Palestine
81%
1988 Palestine
80%
Palestine Israel
80%
1948 North Korea
79%
North Korea South Korea
79%
1948 South Korea
79%
South Korea North Korea
79%
Artsakh/Azerbaijan/Pakistan Armenia
73%
Serbia Kosovo
72%
Northern Cyprus/Turkey Cyprus
71%
Georgia South Ossetia
68%
Georgia Abkhazia
68%
1991 Armenia
65%
1960 Cyprus
65%
Cyprus Northern Cyprus
65%
1991 South Ossetia
60%
1976 Western Sahara
60%
1983 Northern Cyprus
56%
Morocco Western Sahara
55%
1999 Abkhazia
51%
No matching quizzes found
Score Distribution
Percent of People with Each Score
Percentile by Number Answered
Your Score History
You have not taken this quiz since the last reset